Score 0/19 Timer 10:00
0 Plays Today
Hint Answer % Correct
chosen oneHarry Potter
100%
angry uncleVernon Dursley
100%
dark lordLord Voldemort
98.3%
potions teacherSeverus Snape
98.3%
dead girlMyrtle Warren
98.3%
book wormHermione Granger
98.3%
Quidditch captainOliver Wood
98.3%
trickster twinsFred and George Weasley
98.3%
chubby cousinDudley Dursley
98.3%
pink psychoDolores Umbridge
96.7%
Hint Answer % Correct
always eatingRonald Weasley
95%
animal loverRubeus Hagrid
93.3%
French witchFleur Delacour
93.3%
crazy girlLuna Lovegood
91.7%
cat ladyMinerva McGonagall
91.7%
bleached blondDraco Malfoy
88.3%
little friendDobby
78.3%
loyal followerBellatrix Lestrange
61.7%
sneaky snoopRita Skeeter
56.7%
Remove Ads.
Support Sporcle.
Get the best of Sporcle when you Go Orange. This ad-free experience offers more features, more stats, and more fun while also helping to support Sporcle. Thank you for becoming a member.

You're not logged in!

Compare scores with friends on all Sporcle quizzes.
OR
Log In

Sporcle TV

Today on Sporcle TV


Watch our educational content, quiz creation guides, and fun videos on Sporcle TV.

Show Comments

Extras

Top Quizzes Today


Score Distribution

Paid Content

Your Account Isn't Verified!

In order to create a playlist on Sporcle, you need to verify the email address you used during registration. Go to your Sporcle Settings to finish the process.

Report this User

Report this user for behavior that violates our Community Guidelines.

Details: